Statistics for Guess the Taylor Swift Song (no hints) 97

Click here to take the quiz!

General Stats

  • This quiz has been taken 34 times
  • The average score is 247 of 303

Answer Stats

Answer% Correct
I
100%
me
97%
you,
97%
you
97%
a
94%
I'm
94%
in
94%
it
94%
It
94%
The
94%
the
94%
When
94%
when
94%
And
90%
and
90%
by
90%
my
90%
no
90%
so
90%
So
90%
to
90%
wear
90%
You're
90%
you're
90%
all
87%
do
87%
like
87%
Like
87%
of
87%
that
87%
as
84%
But
84%
Just
84%
never
84%
one
84%
think
84%
Think
84%
was
84%
can't
81%
don't
81%
Gone
81%
Now
81%
There
81%
back
77%
came
77%
clean
77%
clean,
77%
down
77%
drought
77%
head
77%
morning
77%
(oh)
77%
(Oh)
77%
over
77%
that's
77%
very
77%
worst
77%
am
74%
any
74%
because
74%
breathe
74%
could
74%
died
74%
drowning,
74%
Finally
74%
finally
74%
nothing
74%
pouring
74%
Rain
74%
Ten
74%
thing
74%
thirst
74%
trace
74%
admit
71%
black
71%
dress
71%
flowers
71%
forth
71%
gonna
71%
heard
71%
left
71%
months
71%
sober,
71%
still
71%
together
71%
we'd
71%
anymore
68%
give
68%
grown
68%
hole
68%
loud
68%
mean
68%
miss
68%
must
68%
older,
68%
perfect
68%
punched
68%
roof
68%
room
68%
Said,
68%
screamed
68%
sky
68%
storm
68%
turned
68%
war
68%
water
68%
wine-stained
68%
won't
68%
away
65%
butterflies
65%
covered
65%
dust
65%
filled
65%
Hung
65%
Let
65%
lungs,
65%
pictures
65%
risk
65%
whole
65%
lost
61%
carry
58%
flood
58%

Score Distribution

Percentile by Number Answered

Percent of People with Each Score

Your Score History

You have not taken this quiz